000 00353nam a2200157Ia 4500
005 20250428014326.0
008 240331s9999 xx 000 0 und d
020 _a9555735557
082 _bHAT
_a891
100 _aHaththaka,M
245 0 _aRaagini
260 _aNugegoda
_bSarasavi Books
_c2007
300 _a226 p .,
650 _aA Novel
942 _cL
999 _c5196
_d5196